El mundo de la adolescencia

Bewaard in:
Bibliografische gegevens
Hoofdauteur: Etcheverry, Delia (Auteur)
Formaat: Boek
Taal:Spaans
Gepubliceerd in: Santa Fe Universidad Nacional del Litoral 1961
Reeks:Estudios y Trabajos, 7
Onderwerpen:
Tags: Voeg label toe
Geen labels, Wees de eerste die dit record labelt!

MARC

LEADER 00000nam a2200000 a 4500
001 UCU0635
003 CL-VaPUC
008 960322e19610000AG |||||||||||||||||spa|d
082 0 4 |a 155.51  |b ETC  |2 21 
100 0 |a Etcheverry, Delia  |e author  |9 355981 
245 1 3 |a El mundo de la adolescencia 
300 |a 27 p 
942 |c BK 
945 |d 19960322 00:00:00  |a paguirre 
260 |a Santa Fe  |b Universidad Nacional del Litoral  |c 1961 
650 0 |a Adolescencia  |9 307361 
650 0 |a Adolescentes  |9 308058 
650 0 |a Psicología del adolescente   |9 307864 
583 |a last modification  |c 19960322 00:00:00  |k Rodrigo Vera 
490 0 |a Estudios y Trabajos, 7 
999 |c 245474  |d 245472 
952 |0 0  |1 0  |4 0  |6 155_510000000000000_ETC_1961  |7 0  |8 P  |9 259990  |a BIBEDU  |b BIBEDU  |d 2019-11-19  |i 1637185  |o 155.51 ETC 1961  |p 1637185  |r 2024-01-25  |w 2019-11-19  |y BK  |k EDU